The 'World' Game Quiz Stats

Quiz Updated Jan 20, 2012

Also try: Planet Game
Challenge
Share
Tweet
Embed
Score 0/26 Timer 06:00
1 Play Today
Clue Term % Correct
Global military conflict that lasted from 1939 to 1945World War II
96%
Manhattan complex destroyed on Sept. 11, 2001World Trade Center
85.2%
The championships of Major League Baseball or pokerWorld Series
83.5%
The Hanging Gardens of Babylon, Colossus of Rhodes, Great Pyramid, and four othersSeven Wonders of the Ancient World
80.6%
FIFA football competition held every four yearsWorld Cup
80.2%
The system of interlinked hypertext documents accessed via the InternetWorld Wide Web
78.5%
The collection of countries with low standards of industrialization and/or human rightsDeveloping world
75.6%
MTV reality show that premiered in 1992The Real World
70.5%
The organization that gave us Batista, Triple H, and The RockWorld Wrestling Entertainment, Inc.
69.9%
1938 Orson Welles radio drama adapted from an H. G. Wells novelThe War of the Worlds
68.8%
Saturday Night Live sketch and movies starring Mike MyersWayne's World
63.7%
Popular multiplayer online role-playing game created by BlizzardWorld of Warcraft
62.8%
1985 charity single recorded by USA for AfricaWe Are the World
52.8%
Clue Term % Correct
1999 James Bond movie with Pierce BrosnanThe World Is Not Enough
52.8%
Game packaged with the Super Nintendo, starring the company's mascotSuper Mario World
50.6%
Three Dog Night song also known as 'Jeremiah was a bullfrog'Joy to the World
47.9%
A novel by Michael Crichton's which is a sequel to Jurassic ParkThe Lost World
46.8%
United Nations agency that works to prevent disease and promote well beingThe World Health Organization
46.5%
International organization working to 'halt & reverse the destruction of our environment'World Wide Fund for Nature
40.7%
1932 Aldous Huxley novelBrave New World
38%
Educational computer game series that later became a PBS game showWhere in the World is Carmen Sandiego?
32.9%
Sitcom spinoff from 'The Cosby Show'A Different World
27.4%
Red Hot Chili Peppers single from the album 'Californication'Around the World
19.4%
1978 John Irving bestseller adapted into a Robin Williams filmThe World According to Garp
18.5%
Terry Pratchett's series of fantasy booksDiscworld
13.4%
Brad Pitt and Kim Basinger 1992 live-action/animated filmCool World
10.9%

You're not logged in!

Compare scores with friends on all Sporcle quizzes.
Sign Up with Email
OR
Log In

You Might Also Like...

Show Comments

Extras

Top Quizzes Today


Score Distribution

Your Account Isn't Verified!

In order to create a playlist on Sporcle, you need to verify the email address you used during registration. Go to your Sporcle Settings to finish the process.